000 00206nam a2200085Ia 4500
008 170620s9999 xx 000 0 und d
100 _aRani- T. Swarupa
245 0 _aTeaching of Mathematics
260 _bNew Delhi- A.P.H
260 _c2011
999 _c25997
_d25997